Geest
Saved in:
| Hovedforfatter: | |
|---|---|
| Format: | Bog |
| Sprog: | spansk |
| Udgivet: |
Montevideo
Alfa
1966
|
| Fag: | |
| Tags: |
Tilføj Tag
Ingen Tags, Vær først til at tagge denne postø!
|
MARC
| LEADER | 00000nam a2200000 a 4500 | ||
|---|---|---|---|
| 001 | UCQ5402 | ||
| 003 | CL-VaPUC | ||
| 008 | 980925e19660000UY |||||||||||||||||spa|d | ||
| 082 | 0 | 4 | |a Ur863 |b FAB |2 21 |
| 100 | 0 | |a Fabregat Cúneo, Roberto |e author |9 419525 | |
| 245 | 1 | 0 | |a Geest |
| 300 | |a 108 p | ||
| 942 | |c BK | ||
| 945 | |d 19980925 00:00:00 |a crobeson | ||
| 260 | |a Montevideo |b Alfa |c 1966 | ||
| 650 | 0 | |a Novelas uruguayas |9 317140 | |
| 650 | 0 | |a Literatura uruguaya |9 342815 | |
| 583 | |a last modification |c 19980925 00:00:00 |k Rodrigo Vera | ||
| 999 | |c 275614 |d 275612 | ||
| 952 | |0 0 |1 0 |4 0 |6 UR_863_000000000000000_FAB_1966 |7 0 |8 A |9 312395 |a BIBEDU |b BIBEDU |d 2019-11-20 |i 1472305 |o Ur863 FAB 1966 |p 1472305 |r 2019-11-20 |w 2019-11-20 |y BK |k LIT | ||